[Event "Buenos Aires Bolivar op 4th"]
[Site "Buenos Aires"]
[Date "2011.06.20"]
[Round "6"]
[White "Soto Suarez, Jose Manuel"]
[Black "Juarez, Carlos Eleodoro"]
[Result "1-0"]
[WhiteElo "1806"]
[BlackElo "2087"]
[PlyCount "92"]
[EventDate "2011.06.13"]
[EventType "swiss"]
[EventRounds "9"]
[EventCountry "ARG"]
[SourceTitle "EXT 2014"]
[Source "ChessBase"]
[SourceDate "2013.11.20"]
[SourceVersion "1"]
[SourceVersionDate "2013.11.20"]
[SourceQuality "1"]

1. e4 c5 2. Nf3 e6 3. d3 Nc6 4. g3 d6 5. Bg2 Nf6 6. 0-0 Be7 7. Re1 e5 8. c3 h6 9. Nbd2 Be6 10. Nf1 Qd7 11. d4 cxd4 12. cxd4 exd4 13. Nxd4 Nxd4 14. Qxd4 0-0 15. Bf4 Rfd8 16. Rac1 Ng4 17. h3 Bf6 18. Qxd6 Qxd6 19. Bxd6 Rxd6 20. hxg4 Bxb2 21. Rc2 Bd4 22. Bf3 Rad8 23. Kg2 R6d7 24. Be2 a6 25. f4 f6 26. Kf3 Kf8 27. Rec1 b5 28. Rc6 Rd6 29. R1c2 Ke7 30. Rc7+ R8d7 31. Ne3 Bxe3 32. Kxe3 Rxc7 33. Rxc7+ Rd7 34. Rxd7+ Kxd7 35. a3 Kc6 36. Kd4 Kd6 37. g5 hxg5 38. fxg5 fxg5 39. e5+ Ke7 40. Kc5 Bd7 41. Bf3 Be6 42. Be4 g4 43. Bd3 Bd7 44. Be4 Be6 45. Bd3 Bb3 46. Bf5 Bc4 1-0

[Event "Buenos Aires Bolivar op 4th"]
[Site "Buenos Aires"]
[Date "2011.06.13"]
[Round "1"]
[White "Guerrero, Alvaro"]
[Black "Soto Suarez, Jose Manuel"]
[Result "1-0"]
[WhiteElo "2181"]
[BlackElo "1806"]
[PlyCount "73"]
[EventDate "2011.06.13"]
[EventType "swiss"]
[EventRounds "9"]
[EventCountry "ARG"]
[SourceTitle "EXT 2014"]
[Source "ChessBase"]
[SourceDate "2013.11.20"]
[SourceVersion "1"]
[SourceVersionDate "2013.11.20"]
[SourceQuality "1"]

1. d4 d5 2. c4 e5 3. dxe5 d4 4. Nf3 Nc6 5. b3 Bb4+ 6. Bd2 Bxd2+ 7. Qxd2 Bg4 8. Na3 Bxf3 9. gxf3 Nxe5 10. f4 Ng6 11. Bg2 c6 12. Nc2 Qf6 13. Qxd4 Nxf4 14. Bf3 Rd8 15. Qxf6 Nxf6 16. e3 Ne6 17. Ke2 Ke7 18. Rad1 Rxd1 19. Rxd1 Rd8 20. Nd4 Nxd4+ 21. exd4 Kd6 22. Rd3 Re8+ 23. Re3 Re6 24. Kd3 g6 25. b4 Nd7 26. a4 f5 27. Rxe6+ Kxe6 28. d5+ Kd6 29. c5+ Kc7 30. d6+ Kd8 31. Kd4 Kc8 32. h3 Nf8 33. Ke5 Kd7 34. b5 a6 35. bxc6+ bxc6 36. a5 Ne6 37. Bxc6+ 1-0